| 000 | 01093 a2200217 4500 | ||
|---|---|---|---|
| 001 | 63909 | ||
| 005 | 20260407155938.0 | ||
| 008 | 260407a1973 arg spa d | ||
| 003 | AR-UNSa-BCEJYS | ||
| 040 |
_aAR-UNSa-BCEJYS _bspa _cAR-UNSa-BCEJYS |
||
| 080 |
_a323.37 _xFuncionarios (burocracia) |
||
| 245 | 1 | 0 |
_aOrganización y burocracia _pUn análisis de las teorías modernas sobre organizaciones sociales |
| 020 | _a978-84-297-0873-8 | ||
| 264 | 1 |
_aBarcelona : _bEdiciones Península _c1973 |
|
| 300 |
_a233 p. _c20 cm. |
||
| 505 | _a1. Aproximación clásica al estudio de la burocracia – 2. El tipo ideal de burocracia – 3. Teorías de postweberianas sobre la burocracia – 4. Taylorismo y teorías formales de la administración – 5. La escuela de las relaciones humanas: su aproximación al estudio de la organización – 6. Teoría de la organización: la adopción de decisiones en los contextos organizacionales – 7. Hacia una ampliación del objetivo – | ||
| 041 | _aspa | ||
| 942 | _cBK | ||
| 590 | _aniveau_biblio:m niveau_hierar:0 | ||
| 100 | 1 | _aMouzelis, Nicos P. | |
| 999 |
_c8350 _d8350 |
||